Εκπαίδευση για το περιβάλλον και την αειφορία
Αποθηκεύτηκε σε:
| Κύριος συγγραφέας: | |
|---|---|
| Μορφή: | Βιβλίο |
| Γλώσσα: | Greek |
| Δημοσίευση: |
Αθήνα :
Πεδίο,
2011.
|
| Θέματα: | |
| Ετικέτες: |
Προσθήκη ετικέτας
Δεν υπάρχουν, Καταχωρήστε ετικέτα πρώτοι!
|
MARC
| LEADER | 00000cam a2200000 i 4500 | ||
|---|---|---|---|
| 001 | 1/64148 | ||
| 008 | 150120s2011 gr | ||| |||| ||gre|| | ||
| 020 | |a 9789609552264 | ||
| 035 | |l 10120534 | ||
| 040 | |a GR-MY-UA |b gre |e aacr | ||
| 041 | 0 | |a gre | |
| 082 | 7 | |a 363.7 |2 (22) | |
| 100 | 1 | |a Φλογαΐτη, Ευγενία. | |
| 245 | 1 | 0 | |a Εκπαίδευση για το περιβάλλον και την αειφορία / |c Ευγενία Φλογαΐτη. |
| 260 | |a Αθήνα : |b Πεδίο, |c 2011. | ||
| 300 | |a 242 σ. ; |c 24 εκ. | ||
| 504 | |a Βιβλιογραφία: σ. [213]-242. | ||
| 650 | 0 | 0 | |a Environmental education. |
| 650 | 0 | 0 | |a Ecology. |
| 650 | 0 | 0 | |a Sustainable development. |
| 852 | |a INST |b RHODES |c EUDOXUS |e 20150120 |h 363.7 ΦΛΟ |p 005400037481 |q 005400037481 |t EDX |y 0 | ||
| 852 | |a INST |b RHODES |c EUDOXUS |e 20160107 |h 363.7 ΦΛΟ |p 005400038157 |q 005400038157 |t EDX |y 0 | ||
| 901 | |a BIBL4-2015-1 | ||
| 909 | |a Ρ |b 183798 | ||
| 920 | |a Εύδοξος |b Παραγγελία |y Ρόδος-ΠΤΔΕ |z 2014-12 | ||
| 920 | |a Εύδοξος |b Επιστροφή |y Ρόδος |z 2015-12 | ||
| 970 | |z 2015/01/20 | ||